[Event "Montreal Mercredi 11"]
[Site "Montreal CAN"]
[Date "2012.11.28"]
[Round "3"]
[White "Boudreau, Daniel"]
[Black "Tremblay, Alain"]
[Result "0-1"]
[WhiteElo "2037"]
[BlackElo "2058"]
[PlyCount "87"]
[GameId "2160767909411481"]
[EventDate "2012.11.14"]
[EventType "swiss"]
[EventRounds "5"]
[EventCountry "CAN"]
[SourceTitle "EXT 2022"]
[Source "ChessBase"]
[SourceDate "2021.10.06"]
[SourceVersion "1"]
[SourceVersionDate "2021.10.06"]
[SourceQuality "1"]

1. e4 e5 2. Bc4 Nf6 3. d3 c6 4. Nf3 d5 5. Bb3 Bd6 6. Qe2 dxe4 7. dxe4 Na6 8. c3 Nc5 9. Bc2 a5 10. a4 h6 11. Nbd2 Qe7 12. Nc4 Bc7 13. b4 axb4 14. cxb4 Ne6 15. O-O Nf4 16. Bxf4 exf4 17. b5 Bd7 18. b6 Bb8 19. Rfe1 O-O 20. Qd3 g6 21. Rad1 Be6 22. Nd4 Bxc4 23. Qxc4 Be5 24. Nf3 Rad8 25. Nxe5 Qxe5 26. f3 Nd7 27. Qb4 Qc5+ 28. Qxc5 Nxc5 29. Kf2 Rfe8 30. a5 Kf8 31. Rc1 Ke7 32. Ke2 Kf6 33. Red1 Ke5 34. Bb1 Nb3 35. Rc4 Rxd1 36. Kxd1 Ra8 37. Ba2 Nxa5 38. Ra4 f6 39. Kc2 Kd6 40. Kc3 Kc5 41. Bf7 g5 42. e5 fxe5 43. Re4 Kd6 44. Kb4 0-1

[Event "Montreal Mercredi 11"]
[Site "Montreal CAN"]
[Date "2012.11.28"]
[Round "3"]
[White "Cote, Philippe"]
[Black "Bergeron, Rene"]
[Result "1-0"]
[WhiteElo "1760"]
[BlackElo "1740"]
[PlyCount "135"]
[GameId "2160767909411482"]
[EventDate "2012.11.14"]
[EventType "swiss"]
[EventRounds "5"]
[EventCountry "CAN"]
[SourceTitle "EXT 2022"]
[Source "ChessBase"]
[SourceDate "2021.10.06"]
[SourceVersion "1"]
[SourceVersionDate "2021.10.06"]
[SourceQuality "1"]

1. e4 d5 2. exd5 Qxd5 3. Nc3 Qd6 4. Nge2 e5 5. Ne4 Qg6 6. N2c3 f5 7. Ng3 Bd7 8. d4 Nc6 9. dxe5 Nxe5 10. Qe2 O-O-O 11. Bf4 Bd6 12. Qe3 Nc6 13. O-O-O Bxf4 14. Qxf4 Qh6 15. Qxh6 Nxh6 16. h3 Nf7 17. f4 h6 18. Bd3 Nd6 19. h4 Nb4 20. Be2 Rhe8 21. a3 Nc6 22. Bf3 Na5 23. Nh5 Re7 24. Nd5 Rf7 25. Ng3 c6 26. Bh5 g6 27. Bxg6 Rg7 28. Nb6+ axb6 29. Rxd6 Nc4 30. Rf6 Ne3 31. Nh5 Re7 32. g3 Be6 33. Re1 Bd5 34. Ng7 Bf3 35. Ne6 Rd6 36. Rf8+ Kd7 37. Rd8+ Kxe6 38. Rxe3+ Be4 39. Bxf5+ Kxf5 40. Rxd6 Rh7 41. Kd2 Bd5 42. Rd8 Kg4 43. c3 Rg7 44. Ke1 h5 45. Kf2 Kh3 46. Rde8 c5 47. R8e5 Bc6 48. Rxh5 Rd7 49. Rhe5 Rd1 50. Re1 Rd3 51. R5e3 Rd2+ 52. R3e2 Rd3 53. Rg1 Rf3+ 54. Ke1 Kg4 55. Rf2 Re3+ 56. Kd2 Re8 57. f5 Rd8+ 58. Ke3 Re8+ 59. Kd3 Be4+ 60. Kc4 Bxf5 61. Rf4+ Kh3 62. Rxf5 Re2 63. g4 Rxb2 64. g5 Kxh4 65. g6 b5+ 66. Kd5 Rd2+ 67. Kxc5 Rd8 68. g7 1-0

[Event "Montreal Mercredi 11"]
[Site "Montreal CAN"]
[Date "2012.11.28"]
[Round "3"]
[White "Dumouchel, Alain"]
[Black "Brodie, Hugh"]
[Result "0-1"]
[WhiteElo "2014"]
[BlackElo "1861"]
[PlyCount "104"]
[GameId "2160767909411483"]
[EventDate "2012.11.14"]
[EventType "swiss"]
[EventRounds "5"]
[EventCountry "CAN"]
[SourceTitle "EXT 2022"]
[Source "ChessBase"]
[SourceDate "2021.10.06"]
[SourceVersion "1"]
[SourceVersionDate "2021.10.06"]
[SourceQuality "1"]

1. e4 c5 2. Nf3 Nc6 3. d4 cxd4 4. Nxd4 g6 5. Nc3 Bg7 6. Be3 Nf6 7. Bc4 Qa5 8. O-O O-O 9. a3 d6 10. h3 a6 11. b4 Qc7 12. Nd5 Nxd5 13. Bxd5 Bd7 14. Rb1 Rac8 15. Kh1 Nxd4 16. Bxd4 b5 17. Bxg7 Kxg7 18. Qd4+ f6 19. Qe3 Bc6 20. Bb3 Bd7 21. Bd5 Bc6 22. Bb3 Qb7 23. f3 Bd7 24. Rbd1 Rc7 25. Rd3 Rfc8 26. Rfd1 Be8 27. R1d2 Bf7 28. f4 Bxb3 29. cxb3 Rc1+ 30. Kh2 R1c2 31. e5 fxe5 32. fxe5 Rxd2 33. Qxd2 dxe5 34. Qg5 Qc7 35. g3 h6 36. Qe3 Rf8 37. h4 Rf1 38. Qc5 Rc1 39. Qxc7 Rxc7 40. Rf3 Rc2+ 41. Kh3 Ra2 42. Kg4 Rxa3 43. h5 Ra1 44. Re3 gxh5+ 45. Kxh5 Rh1+ 46. Kg4 Kf6 47. Rc3 h5+ 48. Kf3 Kf5 49. Rc5 Rb1 50. Rc3 Rd1 51. Ke2 Rd4 52. Rc4 bxc4 0-1

[Event "Montreal Mercredi 11"]
[Site "Montreal CAN"]
[Date "2012.11.28"]
[Round "3"]
[White "Gates, Claude-Eric"]
[Black "Deshetres, Michel"]
[Result "1-0"]
[WhiteElo "1677"]
[BlackElo "1718"]
[PlyCount "51"]
[GameId "2160767909411484"]
[EventDate "2012.11.14"]
[EventType "swiss"]
[EventRounds "5"]
[EventCountry "CAN"]
[SourceTitle "EXT 2022"]
[Source "ChessBase"]
[SourceDate "2021.10.06"]
[SourceVersion "1"]
[SourceVersionDate "2021.10.06"]
[SourceQuality "1"]

1. d4 Nf6 2. Nf3 g6 3. Bf4 Bg7 4. e3 O-O 5. Be2 d6 6. O-O Nbd7 7. c4 Nh5 8. Bg5 h6 9. Bh4 g5 10. Nfd2 Nhf6 11. Bg3 c5 12. Nc3 cxd4 13. exd4 Ne8 14. Nde4 f5 15. Qb3 fxe4 16. c5+ Kh8 17. Nxe4 Nef6 18. Nxf6 Nxf6 19. cxd6 exd6 20. f3 Re8 21. Bb5 Bd7 22. Bd3 Be6 23. Qxb7 Nd5 24. Be4 Bxd4+ 25. Kh1 Rb8 26. Qh7# 1-0

[Event "Montreal Mercredi 11"]
[Site "Montreal CAN"]
[Date "2012.11.28"]
[Round "3"]
[White "Gauthier, Luc"]
[Black "Leung, Chin"]
[Result "0-1"]
[WhiteElo "1714"]
[BlackElo "1718"]
[PlyCount "72"]
[GameId "2160767909411485"]
[EventDate "2012.11.14"]
[EventType "swiss"]
[EventRounds "5"]
[EventCountry "CAN"]
[SourceTitle "EXT 2022"]
[Source "ChessBase"]
[SourceDate "2021.10.06"]
[SourceVersion "1"]
[SourceVersionDate "2021.10.06"]
[SourceQuality "1"]

1. e4 c5 2. d4 cxd4 3. c3 d3 4. c4 d6 5. Bxd3 Nf6 6. Nc3 g6 7. h3 Bg7 8. Nf3 Nc6 9. Be3 Nd7 10. Rc1 Nc5 11. Bb1 Be6 12. b3 O-O 13. Qd2 a6 14. Bh6 Qa5 15. O-O b5 16. Bxg7 Kxg7 17. Nd5 Qxd2 18. Nxd2 b4 19. Nf3 Bd7 20. Rfd1 a5 21. Nd4 a4 22. Nb6 Nxd4 23. Rxd4 axb3 24. Nxd7 bxa2 25. Bxa2 Nxd7 26. Bb1 Nc5 27. Rd5 Ra1 28. e5 Rd8 29. Rcd1 Na4 30. Bc2 Rxd1+ 31. Rxd1 Nc3 32. Rd3 d5 33. cxd5 Rxd5 34. Rxd5 Nxd5 35. Bb3 Nf4 36. Kf1 Nd3 0-1

[Event "Montreal Mercredi 11"]
[Site "Montreal CAN"]
[Date "2012.11.28"]
[Round "3"]
[White "Heredia, Jose"]
[Black "Lacroix, Serge"]
[Result "0-1"]
[WhiteElo "1764"]
[BlackElo "1822"]
[PlyCount "60"]
[GameId "2160767909411486"]
[EventDate "2012.11.14"]
[EventType "swiss"]
[EventRounds "5"]
[EventCountry "CAN"]
[SourceTitle "EXT 2022"]
[Source "ChessBase"]
[SourceDate "2021.10.06"]
[SourceVersion "1"]
[SourceVersionDate "2021.10.06"]
[SourceQuality "1"]

1. e4 e5 2. Nf3 Nf6 3. Nxe5 d6 4. Nf3 Nxe4 5. d3 Nf6 6. d4 d5 7. Bd3 Bd6 8. O-O O-O 9. h3 Re8 10. Bg5 Nbd7 11. Nbd2 Nf8 12. c4 c6 13. Qc2 h6 14. Be3 Ne6 15. Ne5 Bxe5 16. dxe5 dxc4 17. Nxc4 Nd5 18. Nd6 Rf8 19. Rad1 f6 20. Nxc8 Rxc8 21. exf6 Qxf6 22. Bc4 Kh8 23. Qb3 Ndf4 24. Rd6 Qg5 25. g3 Nxh3+ 26. Kh2 Nef4 27. gxf4 Nxf4 28. Bxf4 Rxf4 29. Qg3 Rh4+ 30. Kg2 Rg4 0-1

[Event "Montreal Mercredi 11"]
[Site "Montreal CAN"]
[Date "2012.11.28"]
[Round "3"]
[White "Lalonde, Paul"]
[Black "Ostaci, Liviu"]
[Result "0-1"]
[WhiteElo "1933"]
[BlackElo "1893"]
[PlyCount "78"]
[GameId "2160767909411487"]
[EventDate "2012.11.14"]
[EventType "swiss"]
[EventRounds "5"]
[EventCountry "CAN"]
[SourceTitle "EXT 2022"]
[Source "ChessBase"]
[SourceDate "2021.10.06"]
[SourceVersion "1"]
[SourceVersionDate "2021.10.06"]
[SourceQuality "1"]

1. e4 e6 2. d4 d5 3. Nc3 Bb4 4. e5 c5 5. a3 Bxc3+ 6. bxc3 Nc6 7. Nf3 Qc7 8. Bd3 Nge7 9. O-O Bd7 10. Re1 c4 11. Bf1 O-O 12. a4 Rae8 13. Ng5 f6 14. exf6 Rxf6 15. Qh5 Rh6 16. Qf7+ Kh8 17. Bf4 Qc8 18. Bd6 Nf5 19. Bf4 Rf8 20. g4 Rxf7 21. Nxf7+ Kg8 22. Nxh6+ Nxh6 23. h3 Qd8 24. Re3 Qh4 25. Bg3 Qf6 26. f4 g5 27. fxg5 Qxg5 28. Rae1 Nf7 29. Bg2 h5 30. gxh5 Qxh5 31. Rf1 Ne7 32. Ref3 Nf5 33. Bf4 Kh7 34. Kh2 N7h6 35. Be5 Ng4+ 36. Kg1 Nxe5 37. dxe5 Bc6 38. Rf4 Qe2 39. Bf3 Qe3+ 0-1

[Event "Montreal Mercredi 11"]
[Site "Montreal CAN"]
[Date "2012.11.28"]
[Round "3"]
[White "Levkovsky, Alexandre"]
[Black "Lopez Linares, Lizandro"]
[Result "1/2-1/2"]
[WhiteElo "2272"]
[BlackElo "2081"]
[PlyCount "56"]
[GameId "2160767909411488"]
[EventDate "2012.11.14"]
[EventType "swiss"]
[EventRounds "5"]
[EventCountry "CAN"]
[SourceTitle "EXT 2022"]
[Source "ChessBase"]
[SourceDate "2021.10.06"]
[SourceVersion "1"]
[SourceVersionDate "2021.10.06"]
[SourceQuality "1"]

1. e4 e6 2. d4 d5 3. Nd2 Nf6 4. e5 Nfd7 5. f4 c5 6. c3 Nc6 7. Ndf3 Qb6 8. Ne2 a5 9. Qb3 a4 10. Qxb6 Nxb6 11. dxc5 Bxc5 12. Ned4 O-O 13. Bd3 f6 14. O-O fxe5 15. fxe5 Rxf3 16. gxf3 Nxe5 17. Be2 Nec4 18. f4 Bd7 19. Kh1 g6 20. Rb1 Nd6 21. Be3 Nbc4 22. Bxc4 Bxd4 23. Bxd4 dxc4 24. Kg1 Bc6 25. Be5 Ne4 26. Rbd1 Bd5 27. Rfe1 Nc5 28. Re3 Kf7 1/2-1/2

[Event "Montreal Mercredi 11"]
[Site "Montreal CAN"]
[Date "2012.11.28"]
[Round "3"]
[White "Millette, Sylvain"]
[Black "Baran, Marius"]
[Result "1-0"]
[WhiteElo "1692"]
[BlackElo "1712"]
[PlyCount "48"]
[GameId "2160767909411489"]
[EventDate "2012.11.14"]
[EventType "swiss"]
[EventRounds "5"]
[EventCountry "CAN"]
[SourceTitle "EXT 2022"]
[Source "ChessBase"]
[SourceDate "2021.10.06"]
[SourceVersion "1"]
[SourceVersionDate "2021.10.06"]
[SourceQuality "1"]

1. Nf3 d5 2. g3 Bf5 3. d3 e6 4. Bg2 Bd6 5. O-O Nf6 6. Nbd2 Nbd7 7. Qe1 h6 8. e4 dxe4 9. dxe4 Bh7 10. e5 Bxc2 11. Qe2 Nc5 12. exd6 Bd3 13. Qe3 cxd6 14. Re1 Bh7 15. Nb3 Nd3 16. Rd1 Ng4 17. Qd4 Ngxf2 18. Qxg7 Rg8 19. Qxh7 Qb6 20. Nfd4 Rg6 21. Rf1 Ke7 22. Be3 Qb4 23. Bxf2 Rag8 24. Be1 Qb6 1-0

[Event "Montreal Mercredi 11"]
[Site "Montreal CAN"]
[Date "2012.11.28"]
[Round "3"]
[White "Nardone, Raul"]
[Black "Barko, Maxim"]
[Result "0-1"]
[WhiteElo "1817"]
[BlackElo "1734"]
[PlyCount "68"]
[GameId "2160767909411490"]
[EventDate "2012.11.14"]
[EventType "swiss"]
[EventRounds "5"]
[EventCountry "CAN"]
[SourceTitle "EXT 2022"]
[Source "ChessBase"]
[SourceDate "2021.10.06"]
[SourceVersion "1"]
[SourceVersionDate "2021.10.06"]
[SourceQuality "1"]

1. c4 e6 2. d4 f5 3. Nf3 Nf6 4. g3 d5 5. Bg2 c6 6. O-O Bd6 7. b3 O-O 8. Ba3 Bxa3 9. Nxa3 Qe7 10. Nb1 Ne4 11. Nfd2 c5 12. Nxe4 dxe4 13. d5 Rd8 14. Nc3 Nc6 15. e3 Nb4 16. a3 Nd3 17. Qe2 Ne5 18. Rad1 b6 19. Nxe4 fxe4 20. Bxe4 exd5 21. Bxd5+ Rxd5 22. cxd5 Bh3 23. Rfe1 Bg4 24. Qc2 Nf3+ 25. Kg2 Nxe1+ 26. Rxe1 Qf7 27. Qe4 Rf8 28. f4 Re8 29. Qc4 Qf6 30. Kg1 Kf8 31. e4 Qd4+ 32. Qxd4 cxd4 33. h3 Bf3 34. e5 d3 0-1

[Event "Montreal Mercredi 11"]
[Site "Montreal CAN"]
[Date "2012.11.28"]
[Round "3"]
[White "Rondon, Luciano"]
[Black "Cardin, Guillaume"]
[Result "0-1"]
[WhiteElo "1945"]
[BlackElo "2034"]
[PlyCount "48"]
[GameId "2160767909411491"]
[EventDate "2012.11.14"]
[EventType "swiss"]
[EventRounds "5"]
[EventCountry "CAN"]
[SourceTitle "EXT 2022"]
[Source "ChessBase"]
[SourceDate "2021.10.06"]
[SourceVersion "1"]
[SourceVersionDate "2021.10.06"]
[SourceQuality "1"]

1. d4 f5 2. Nf3 Nf6 3. c4 e6 4. Nc3 Bb4 5. Bd2 b6 6. g3 Ba6 7. b3 c6 8. Bg2 d5 9. cxd5 cxd5 10. Ne5 Ba3 11. O-O O-O 12. Nd3 Nc6 13. Bc1 Bd6 14. Ne1 Qc7 15. Nf3 Ne4 16. Nxe4 fxe4 17. Ng5 Rae8 18. f4 Nxd4 19. Kh1 Nxe2 20. Bh3 Nc3 21. Bxe6+ Rxe6 22. Nxe6 Nxd1 23. Nxc7 Bxf1 24. Nxd5 Bc5 0-1

[Event "Montreal Mercredi 11"]
[Site "Montreal CAN"]
[Date "2012.12.05"]
[Round "4"]
[White "Barko, Maxim"]
[Black "Bergeron, Rene"]
[Result "0-1"]
[WhiteElo "1734"]
[BlackElo "1740"]
[PlyCount "106"]
[GameId "2160767909411492"]
[EventDate "2012.11.14"]
[EventType "swiss"]
[EventRounds "5"]
[EventCountry "CAN"]
[SourceTitle "EXT 2022"]
[Source "ChessBase"]
[SourceDate "2021.10.06"]
[SourceVersion "1"]
[SourceVersionDate "2021.10.06"]
[SourceQuality "1"]

1. d4 d5 2. f4 e6 3. Nf3 c5 4. e3 Nc6 5. c3 Nf6 6. Bd3 Bd6 7. O-O O-O 8. Bd2 b6 9. Be1 Bb7 10. Nbd2 cxd4 11. cxd4 Nb4 12. Ne5 Nxd3 13. Nxd3 Ba6 14. Nf3 Ne4 15. Nfe5 Qe8 16. Rf3 f6 17. Ng4 Qb5 18. Nc1 Qxb2 19. Nb3 Be2 20. Qc1 Qxc1 21. Rxc1 Bxf3 22. gxf3 f5 23. Ne5 Nf6 24. Nc6 Rfc8 25. Kf1 Kf8 26. Ke2 Rc7 27. Bd2 a5 28. Ne5 Rxc1 29. Nxc1 Bb4 30. Bxb4+ axb4 31. Ned3 Rc8 32. Kd2 Rc4 33. Ne5 Rc7 34. Ned3 Rc4 35. Ne5 Ke7 36. Ncd3 Rc3 37. Nxb4 Ra3 38. Ned3 Nd7 39. Kc2 Kd6 40. Kb2 Ra8 41. Kc2 h6 42. h4 b5 43. Kd2 Nb6 44. Nc5 Nc4+ 45. Ke2 Ra3 46. Ncd3 Ra4 47. Kf2 Nb2 48. Nxb2 Rxb4 49. Nd3 Rc4 50. Kg3 Rc3 51. Nc5 Rxe3 52. Kf2 Ra3 53. Nb7+ Ke7 0-1

[Event "Montreal Mercredi 11"]
[Site "Montreal CAN"]
[Date "2012.12.05"]
[Round "4"]
[White "Brodie, Hugh"]
[Black "Ostaci, Liviu"]
[Result "1/2-1/2"]
[WhiteElo "1861"]
[BlackElo "1893"]
[PlyCount "153"]
[GameId "2160767909411493"]
[EventDate "2012.11.14"]
[EventType "swiss"]
[EventRounds "5"]
[EventCountry "CAN"]
[SourceTitle "EXT 2022"]
[Source "ChessBase"]
[SourceDate "2021.10.06"]
[SourceVersion "1"]
[SourceVersionDate "2021.10.06"]
[SourceQuality "1"]

1. e4 c5 2. Nc3 Nc6 3. g3 g6 4. Bg2 Bg7 5. d3 e6 6. f4 Nge7 7. Be3 b6 8. Nh3 Bb7 9. Qd2 O-O 10. O-O d5 11. exd5 exd5 12. Nd1 Qd7 13. Ng5 f5 14. Re1 d4 15. Bf2 Rf6 16. Kf1 h6 17. Nf3 Re6 18. a3 a5 19. Rb1 Rd8 20. Bg1 Ba6 21. Nf2 Nd5 22. Nh3 Rde8 23. Rxe6 Rxe6 24. Re1 c4 25. Bf2 cxd3 26. cxd3 Ne3+ 27. Bxe3 dxe3 28. Rxe3 Rxe3 29. Qxe3 Qxd3+ 30. Kf2 Qxe3+ 31. Kxe3 Bxb2 32. Nh4 Ne7 33. a4 b5 34. Bf1 Kf7 35. axb5 Bb7 36. Bc4+ Kf6 37. Nf3 a4 38. Ne1 a3 39. Kd2 Nd5 40. Nd3 Bd4 41. Nhf2 Nb6 42. Bb3 Bd5 43. Kc2 Be4 44. Nxe4+ fxe4 45. Nb4 e3 46. Nd5+ Nxd5 47. Bxd5 Kf5 48. Kd3 Kg4 49. Ke2 Kh3 50. Kf3 Kxh2 51. g4 Kh3 52. f5 e2 53. Kxe2 Kxg4 54. fxg6 Kg5 55. Bf7 Kf6 56. Kf3 Bb6 57. Kg4 Kg7 58. Kh5 Be3 59. Ba2 Bb6 60. Bb3 Bc5 61. Ba2 Be3 62. Bb3 Bd4 63. Ba2 Bc5 64. Bb3 Bb6 65. Ba2 Be3 66. Bb3 Bd4 67. Ba2 Ba7 68. Bb3 Bb6 69. Ba2 Bd8 70. Bb3 Ba5 71. Ba2 Bb6 72. Bb3 Bf2 73. Ba2 Bd4 74. Bb3 Bc5 75. Ba2 Bg1 76. Bb3 Bd4 77. Ba2 1/2-1/2

[Event "Montreal Mercredi 11"]
[Site "Montreal CAN"]
[Date "2012.12.05"]
[Round "4"]
[White "Chiku-Ratte, Olivier-Kenta"]
[Black "Levkovsky, Alexandre"]
[Result "1-0"]
[WhiteElo "2204"]
[BlackElo "2272"]
[PlyCount "141"]
[GameId "2160767909411494"]
[EventDate "2012.11.14"]
[EventType "swiss"]
[EventRounds "5"]
[EventCountry "CAN"]
[SourceTitle "EXT 2022"]
[Source "ChessBase"]
[SourceDate "2021.10.06"]
[SourceVersion "1"]
[SourceVersionDate "2021.10.06"]
[SourceQuality "1"]

1. d4 Nf6 2. c4 e6 3. Nc3 Bb4 4. e3 d5 5. Nf3 O-O 6. Bd3 dxc4 7. Bxc4 c5 8. O-O Nc6 9. a3 Ba5 10. Bd3 a6 11. Ne4 cxd4 12. exd4 h6 13. Be3 Nd5 14. b4 Bc7 15. Nc5 b6 16. Nb3 Bb7 17. Rc1 Qd6 18. Nbd2 Rfd8 19. Nc4 Qe7 20. Qd2 b5 21. Nb2 Nxe3 22. fxe3 e5 23. d5 e4 24. dxc6 Bc8 25. Nd4 exd3 26. Nxd3 Be6 27. Nc5 Bc4 28. Rfd1 Qe5 29. g3 Bd5 30. Qf2 Bb6 31. Qf4 Qh5 32. Nf5 Bxc5 33. bxc5 Be6 34. Nd6 Qe2 35. Qf2 Qh5 36. Rd4 Rf8 37. Qf4 Ra7 38. Nb7 Qe2 39. Qf2 Qh5 40. Nd8 Bd5 41. Rcd1 Rxd8 42. e4 Re7 43. exd5 Re2 44. g4 Qe5 45. Qg3 Qf6 46. d6 Rde8 47. Rf4 Qe5 48. d7 Qxc5+ 49. Kf1 Qxc6 50. dxe8=Q+ Rxe8 51. Qf3 Qc2 52. Re1 Rd8 53. Qe2 Qc6 54. Rf3 Qg6 55. Qe4 Qd6 56. Qf4 Qd7 57. Qf5 Qc7 58. Kg1 Qb6+ 59. Rf2 Qc7 60. Ref1 Rd7 61. Re2 Rd8 62. Rfe1 Qb6+ 63. Kg2 Qc6+ 64. Qf3 Qc8 65. Re7 Rf8 66. Qe4 Qc5 67. Re8 Qxa3 68. Rxf8+ Qxf8 69. Qe8 b4 70. Qxf8+ Kxf8 71. Ra1 1-0

[Event "Montreal Mercredi 11"]
[Site "Montreal CAN"]
[Date "2012.12.05"]
[Round "4"]
[White "Deshetres, Michel"]
[Black "Millette, Sylvain"]
[Result "1/2-1/2"]
[WhiteElo "1718"]
[BlackElo "1692"]
[PlyCount "84"]
[GameId "2160767909411495"]
[EventDate "2012.11.14"]
[EventType "swiss"]
[EventRounds "5"]
[EventCountry "CAN"]
[SourceTitle "EXT 2022"]
[Source "ChessBase"]
[SourceDate "2021.10.06"]
[SourceVersion "1"]
[SourceVersionDate "2021.10.06"]
[SourceQuality "1"]

1. e4 Nf6 2. e5 Nd5 3. Nc3 e6 4. Nxd5 exd5 5. d4 d6 6. Nf3 Bg4 7. h3 Bxf3 8. Qxf3 dxe5 9. dxe5 c6 10. Bd3 g6 11. O-O Bg7 12. Re1 O-O 13. Qg4 Qd7 14. Qh4 Re8 15. Bg5 Bxe5 16. Rxe5 Rxe5 17. Bf6 Re6 18. f4 Na6 19. f5 Rxf6 20. Qxf6 Qd8 21. Qe5 Qe8 22. Qg3 Nc5 23. Re1 Ne4 24. Qf4 g5 25. Qg4 f6 26. Bxe4 dxe4 27. Rxe4 Qf7 28. Re6 Rd8 29. Qe2 Kf8 30. c4 c5 31. b3 Re8 32. Rxe8+ Qxe8 33. Qxe8+ Kxe8 34. Kf2 h5 35. g4 hxg4 36. hxg4 Kd7 37. Ke3 Kd6 38. Ke4 a6 39. a3 a5 40. a4 b6 41. Kd3 Kc6 42. Ke4 Kd6 1/2-1/2

[Event "Montreal Mercredi 11"]
[Site "Montreal CAN"]
[Date "2012.12.05"]
[Round "4"]
[White "Dumouchel, Alain"]
[Black "Rondon, Luciano"]
[Result "1-0"]
[WhiteElo "2014"]
[BlackElo "1945"]
[PlyCount "103"]
[GameId "2160767909411496"]
[EventDate "2012.11.14"]
[EventType "swiss"]
[EventRounds "5"]
[EventCountry "CAN"]
[SourceTitle "EXT 2022"]
[Source "ChessBase"]
[SourceDate "2021.10.06"]
[SourceVersion "1"]
[SourceVersionDate "2021.10.06"]
[SourceQuality "1"]

1. e4 c5 2. Nf3 e6 3. d4 cxd4 4. Nxd4 Nf6 5. Nc3 d6 6. Be2 Be7 7. O-O Nc6 8. Be3 O-O 9. Kh1 e5 10. Nb3 Be6 11. Bg5 Rc8 12. f4 exf4 13. Bxf4 d5 14. e5 Nd7 15. Nxd5 Ndxe5 16. c4 Qd7 17. Nd4 Nxd4 18. Qxd4 Nc6 19. Qd2 Bc5 20. Bf3 Bd4 21. Rad1 Rfd8 22. Qe1 a5 23. Qg3 Kh8 24. Nb6 Bxb6 25. Rxd7 Rxd7 26. b3 Bf5 27. Bd5 Bg6 28. h4 h5 29. Bd6 Nd4 30. Qf4 Rcd8 31. Be5 Nc6 32. Bc3 Re7 33. Qg3 Re3 34. Rf3 Rxf3 35. Qxf3 Kg8 36. Bxc6 bxc6 37. Qxc6 Rd1+ 38. Kh2 Bg1+ 39. Kh3 Rd3+ 40. g3 Rxc3 41. Qa8+ Kh7 42. Qxa5 Rc2 43. g4 hxg4+ 44. Kxg4 Bd4 45. h5 Bd3 46. Qd5 Be2+ 47. Kf4 Rd2 48. Qxf7 Bd3 49. Qd5 Bf6 50. Ke3 Rd1 51. c5 Bc2 52. Qc4 1-0

[Event "Montreal Mercredi 11"]
[Site "Montreal CAN"]
[Date "2012.12.05"]
[Round "4"]
[White "Gauthier, Luc"]
[Black "Gates, Claude-Eric"]
[Result "0-1"]
[WhiteElo "1714"]
[BlackElo "1677"]
[PlyCount "46"]
[GameId "2160767909411497"]
[EventDate "2012.11.14"]
[EventType "swiss"]
[EventRounds "5"]
[EventCountry "CAN"]
[SourceTitle "EXT 2022"]
[Source "ChessBase"]
[SourceDate "2021.10.06"]
[SourceVersion "1"]
[SourceVersionDate "2021.10.06"]
[SourceQuality "1"]

1. e4 c6 2. d4 d5 3. f3 dxe4 4. fxe4 e5 5. Nf3 Bg4 6. Bc4 Nd7 7. O-O Ngf6 8. c3 Bd6 9. Qb3 O-O 10. Bg5 Qc7 11. Nbd2 Bxf3 12. Bxf6 Nxf6 13. Nxf3 b5 14. Bd3 Rae8 15. Rae1 Qb6 16. Kh1 Qc7 17. Qc2 Nh5 18. Qf2 Re6 19. Bc2 Rh6 20. Kg1 Rg6 21. Qh4 Nf4 22. Nxe5 Bxe5 23. dxe5 Nxg2 0-1

[Event "Montreal Mercredi 11"]
[Site "Montreal CAN"]
[Date "2012.12.05"]
[Round "4"]
[White "Leung, Chin"]
[Black "Baran, Marius"]
[Result "1-0"]
[WhiteElo "1718"]
[BlackElo "1712"]
[PlyCount "41"]
[GameId "2160767909411498"]
[EventDate "2012.11.14"]
[EventType "swiss"]
[EventRounds "5"]
[EventCountry "CAN"]
[SourceTitle "EXT 2022"]
[Source "ChessBase"]
[SourceDate "2021.10.06"]
[SourceVersion "1"]
[SourceVersionDate "2021.10.06"]
[SourceQuality "1"]

1. e4 c5 2. Nf3 d6 3. d4 cxd4 4. Nxd4 Nf6 5. Nc3 a6 6. Bg5 e6 7. f4 Be7 8. Qf3 O-O 9. g4 e5 10. Nf5 Bxf5 11. gxf5 Nc6 12. O-O-O Nd4 13. Qh3 Rc8 14. Rg1 Qb6 15. Bd3 Rxc3 16. bxc3 Nc6 17. Bh6 Ne8 18. Bxg7 Nxg7 19. Qh6 Qe3+ 20. Kb1 Qb6+ 21. Ka1 1-0

[Event "Montreal Mercredi 11"]
[Site "Montreal CAN"]
[Date "2012.12.05"]
[Round "4"]
[White "Nardone, Raul"]
[Black "Heredia, Jose"]
[Result "1/2-1/2"]
[WhiteElo "1817"]
[BlackElo "1764"]
[PlyCount "133"]
[GameId "2160767909411499"]
[EventDate "2012.11.14"]
[EventType "swiss"]
[EventRounds "5"]
[EventCountry "CAN"]
[SourceTitle "EXT 2022"]
[Source "ChessBase"]
[SourceDate "2021.10.06"]
[SourceVersion "1"]
[SourceVersionDate "2021.10.06"]
[SourceQuality "1"]

1. e4 c6 2. d4 d5 3. Nd2 dxe4 4. Nxe4 Nd7 5. Bc4 Ngf6 6. Ng5 e6 7. Qe2 Nb6 8. Bb3 h6 9. N5f3 c5 10. dxc5 Bxc5 11. Qb5+ Nbd7 12. Bf4 Qb6 13. Qe2 Qb4+ 14. Bd2 Qe4 15. Qxe4 Nxe4 16. Be3 Bxe3 17. fxe3 O-O 18. Ne2 Ndf6 19. Ne5 b6 20. Nd4 Re8 21. Nb5 Re7 22. c3 a6 23. Nd4 Bb7 24. Rg1 g5 25. O-O-O Nc5 26. Bc2 Be4 27. Bxe4 Ncxe4 28. Rgf1 Nd5 29. Rde1 Rc7 30. Re2 Rac8 31. Kc2 h5 32. Kb3 f6 33. Nef3 e5 34. Nf5 a5 35. Nd2 a4+ 36. Kc2 Nb4+ 37. Kb1 Nxc3+ 38. bxc3 Rxc3 39. Ne7+ Kg7 40. Nxc8 Rxc8 41. Rc1 Rxc1+ 42. Kxc1 Nxa2+ 43. Kb2 Nb4 44. Kc3 Na2+ 45. Kb2 Nb4 46. Nc4 b5 47. Rd2 bxc4 48. Kc3 Nc6 49. Rd7+ Kg6 50. Kxc4 a3 51. Rd2 e4 52. Ra2 Ne5+ 53. Kd4 Kf5 54. Rxa3 h4 55. Ra1 Nc6+ 56. Kd5 Nb4+ 57. Kc4 Nc6 58. Kc5 Ne5 59. Kd5 Ng4 60. Rf1+ Kg6 61. Kxe4 Nxh2 62. Ra1 f5+ 63. Kd4 Ng4 64. Ra5 Nf2 65. Ke5 Ng4+ 66. Kd4 Nf2 67. Ke5 1/2-1/2

[Event "Montreal Mercredi 11"]
[Site "Montreal CAN"]
[Date "2012.12.05"]
[Round "4"]
[White "Tremblay, Alain"]
[Black "Lopez Linares, Lizandro"]
[Result "1/2-1/2"]
[WhiteElo "2058"]
[BlackElo "2081"]
[PlyCount "99"]
[GameId "2160767909411500"]
[EventDate "2012.11.14"]
[EventType "swiss"]
[EventRounds "5"]
[EventCountry "CAN"]
[SourceTitle "EXT 2022"]
[Source "ChessBase"]
[SourceDate "2021.10.06"]
[SourceVersion "1"]
[SourceVersionDate "2021.10.06"]
[SourceQuality "1"]

1. Nf3 c5 2. e4 d6 3. c3 Bg4 4. d4 Bxf3 5. Qxf3 cxd4 6. cxd4 Qb6 7. Bc4 e6 8. Nc3 a6 9. d5 e5 10. O-O Nf6 11. Be3 Qd8 12. Rac1 Be7 13. b4 O-O 14. a4 b6 15. Qe2 Nfd7 16. Qg4 Bf6 17. g3 a5 18. bxa5 Rxa5 19. Bb5 Nc5 20. Rb1 Qe7 21. Rfc1 Qa7 22. h4 Kh8 23. Bd2 Qe7 24. Kg2 Qc7 25. Qf5 Bd8 26. h5 Qe7 27. Qg4 Ra7 28. Be3 Rc7 29. Na2 Nbd7 30. Nc3 Nf6 31. Qf3 Ng8 32. Na2 g6 33. Rh1 Qf6 34. Qg4 Qg7 35. hxg6 Qxg6 36. Qxg6 fxg6 37. f3 Rcf7 38. Rhf1 Rc7 39. Bc6 Ra7 40. Nc3 Ra6 41. Bb5 Ra7 42. Rfc1 Kg7 43. Rh1 h6 44. Bc6 Ra6 45. Rhd1 Ne7 46. Bb5 Ra7 47. Rd2 g5 48. Ra2 Nc8 49. Ne2 Raf7 50. Ng1 1/2-1/2